000 00317nam a2200121Ia 4500
008 240731s9999 xx 000 0 und d
022 _a1943-2836
245 0 _aInternational Journal of Group Psychotherapy
260 _bRoutledge
856 _uhttps://www.tandfonline.com/loi/ujgp20
942 _2ddc
942 _cTFEJ
999 _c77122
_d77122
945 _a1
_bMadushi Gamage
_c1
_dMadushi Gamage